Statistics : a guide to the unknown /
Guardado en:
| Autores Corporativos: | , |
|---|---|
| Otros Autores: | |
| Formato: | Libro |
| Idioma: | English |
| Publicado: |
San Francisco :
Holden-Day,
c1972.
|
| Series: | Holden-Day series in probability and statistics
|
| Etiquetas: |
Agregar Etiqueta
Sin Etiquetas, Sea el primero en etiquetar este registro!
|
| LEADER | 01240cam a22002415a 4500 | ||
|---|---|---|---|
| 001 | MAT.inmabb002344 | ||
| 008 | 720707s1972####caua#####b####001#0#eng#d | ||
| 005 | 20160415153726.0 | ||
| 245 | 0 | 0 | |a Statistics : |b a guide to the unknown / |c edited by Judith M. Tanur ... [et al.]. |
| 260 | |a San Francisco : |b Holden-Day, |c c1972. | ||
| 300 | |a xxiii, 430 p. : |b il. ; |c 23 cm. | ||
| 440 | 0 | |a Holden-Day series in probability and statistics | |
| 500 | |a Papers contributed at the invitation of the Joint Committee on the Curriculum in Statistics and Probability of the American Statistical Association and the National Council of Teachers of Mathematics. | ||
| 500 | |a Contiene 44 ensayos, agrupados en 4 partes: 1. Man in his biologic world -- 2. Man in his political world -- 3. Man in his social world -- 4. Man in his physical world. | ||
| 504 | |a Incluye referencias bibliográficas. | ||
| 020 | |a 0816285942 (pbk) | ||
| 020 | |a 0816286043 | ||
| 700 | 1 | |a Tanur, Judith M. |4 edt | |
| 710 | 2 | |a American Statistical Association. |b Joint Committee on the Curriculum in Statistics and Probability. | |
| 710 | 2 | |a National Council of Teachers of Mathematics. | |
| 084 | |a 62-01 |2 msc2000 | ||
| 010 | |a 77188128 | ||
| 859 | |h 62 |i St797-2 |p A-4018 |b BIB. MATEMATICA | ||
